000 00378nam a2200133Ia 4500
008 240719s9999 xx 000 0 und d
041 _aeng
082 _a920 KAK
100 _aKakar, Prahlad
245 _aAdman Madman: Unapologetically Prahlad
260 _aNew Dehli
_bHarperCollins India
_c2023
300 _a526;. P. 22 cm
520 _aFaculty Purchase By Dr. Jitendra Sharma
999 _c41474
_d41474